Miasta na ziemi dobrzyńskiej - Statystyki

Ogólne statystyki
  • Ten quiz został rozwiązany 48 razy
  • Średni wynik to 4 z 8
Statystyki odpowiedzi
Miasto Liczba ludności % Poprawnych
Dobrzyń nad Wisłą 1984
81%
Rypin 15 514
74%
Lipno 13 479
67%
Skępe 3455
67%
Golub-Dobrzyń (Dobrzyń nad Drwęcą) 11 443
63%
Bobrowniki 1104
37%
Górzno 1399
33%
Kikół 1994
22%
Nie znaleziono quizów pasujących do podanych kryteriów
Rozkład punktacji
Procent ludzi z każdym wynikiem
Percentyl według liczby udzielonych odpowiedzi
Twoja historia wyników
Nie rozwiązałeś tego quizu